000
00250nam a22001097a 4500
999
_c
252121
_d
252120
020
_a
9966445838
100
_a
KLB
245
_a
Kiswahili Kwa Kidato Cha 1
250
_a
TOLEO LA NNE
260
_a
NAIROBI
_b
KENYA LITERATURE BUREAU
_c
2007
942
_c
BK